000 01196nam a2200241Ia 4500
999 _c42474
_d42474
001 9170
003 GE_BSU
005 20240606171010.0
008 181216s2011||||ge |||||||||||||| ||geo||
020 _a9789941161148
040 _cGE_BSU
041 _ageo
080 _a615.838(479.22)(075.8)+338.48(479.22)(075.8) ს–12
100 _aსააკაშვილი, ნიკოლოზ
_922344
245 _aსაქართველო–ტურიზმის და კურორტების ქვეყანა :
_bსახელმძღვანელო /
_cნიკოლოზ სააკაშვილი ; თამარ ჩილინგარიშვილი.
264 _aთბილისი :
_bსაქართველოს მაცნე,
_c2011.
300 _a136 გვ. :
_bილ. ;
_c21 სმ.
504 _aბიბლიოგრაფია : გვ. 134-136
653 _aსაქართველოს კურორტები
653 _aტურიზმი საქართველოში
700 _aჩილინგარიშვილი, თამარ
_eავტორი
_922345
942 _cBK
_2udc